|
|
|
|
| LEADER |
00821nam a22002537a 4500 |
| 001 |
7366 |
| 003 |
BD-DhAAL |
| 005 |
20151223191925.0 |
| 008 |
151223b20011998naua|||| |||| 001 0 eng d |
| 020 |
|
|
|a 9780751333329
|
| 020 |
|
|
|a 0751333328
|
| 040 |
|
|
|a BD-DhAAL
|c BD-DhAAL
|
| 082 |
|
|
|a 190
|
| 100 |
|
|
|a Magee, Bryan
|9 16959
|
| 245 |
|
|
|a The story of philosophy /
|c Bryan Magee
|
| 260 |
|
|
|a New York :
|b A Dorling Kindersley Book,
|c c2001.
|
| 300 |
|
|
|a 240 p. :
|b ill. ;
|c 24 cm.
|
| 500 |
|
|
|a Includes index.
|
| 541 |
|
|
|e 7366
|
| 650 |
|
|
|a Philosophy
|x History.
|9 16960
|
| 650 |
|
|
|a Philosophy.
|9 16961
|
| 942 |
|
|
|2 ddc
|c BK
|
| 999 |
|
|
|c 36446
|d 36446
|
| 952 |
|
|
|0 0
|1 0
|2 ddc
|4 0
|6 190_000000000000000_MAG
|7 0
|9 57360
|a SCL
|b BRACUL
|c GEN
|d 2015-12-23
|l 22
|m 98
|o 190 MAG
|p 3020007366
|q 2026-06-02
|r 2025-08-10
|s 2025-08-10
|t 1
|w 2015-12-23
|y BK
|